| 000 | 00402nam a2200133 a 4500 | ||
|---|---|---|---|
| 001 | 000048910 | ||
| 005 | 20201002061514.0 | ||
| 008 | 190501s2017 dr r 000 0 spa d | ||
| 040 |
_aDO-SdBNP _bspa _cBNPHU |
||
| 082 |
_axxxx _bxxxx |
||
| 245 | 0 | 0 | _aAprenda como ganar 10 mil pesos en un fin de semana vendiendo cervezas. |
| 260 |
_aSanto Domingo : _bEVOLIB Dominicana, _c2017. |
||
| 300 |
_a54 p. ; _c20 cm. |
||
| 999 |
_c48398 _d48398 |
||